| 000 | 00433pab a2200169 454500 | ||
|---|---|---|---|
| 008 | 180718b2005 xxu||||| |||| 00| 0 eng d | ||
| 100 | _aYou, Jong-Sung | ||
| 245 | _aA comparative study of inequality and corruption | ||
| 260 | _c2005 | ||
| 300 | _ap.136-57. | ||
| 362 | _aFeb | ||
| 650 | _aIncome distribution | ||
| 650 | _aCorruption | ||
| 700 | _aKhagram, Sanjeev | ||
| 773 | _aAmerican Sociological Review | ||
| 909 | _a66009 | ||
| 999 |
_c66009 _d66009 |
||